000 00426nam a2200169 a 4500
001 0000-9005
003 ELIB.Books
008 110520 1969
035 _a(ELIB.Books)0000-9154
082 _a253
_bSha
100 _aShannon, Harper
245 _aTrumpets In The Morning
260 _bNashville: Broadman Press
_c1969
650 _aPastoral Theology
942 _2ddc
_cBK
998 _cbat
_e2011-05-20
999 _c9005
_d9005